000 00641nam a2200241Ia 4500
003 OSt
005 20221005073646.0
006 a|||||r|||| 00| 0
007 ta
008 221004b |||||||| |||| 00| 0 eng d
024 _a4919
037 _bGift, 29/06/2013,
_cTextual
040 _aCRL
_cCRL
_beng
041 _2eng
_aeng
082 _aY:45:61.2, Q2
245 0 _aITBP
_b A golden journey
260 _aNew Delhi
_bIndo - Tibetan Border Police India
_c2012
300 _a232p.
_ccm.
490 _v2012
650 _aSOCIOLOGY
942 _hY:45:61.2, Q2
_cTEXL
_2cc
999 _c981465
_d981465